[Event "WA Championship"]
[Site "Redmond"]
[Date "2009.02.07"]
[Round "1"]
[White "Lee Michael"]
[Black "Chen Howard"]
[Result "1-0"]
[WhiteElo "2374"]
[BlackElo "2039"]
[Annotator ""]
[Source ""]
[Remark ""]

1.c4 e6 2.Nc3 d5 3.d4 c6 4.e4 dxe4 5.Nxe4 Bb4+ 6.Bd2 Qxd4 7.Bxb4
Qxe4+ 8.Be2 Na6 9.Ba3 Ne7 10.Nf3 c5 11.O-O f6 12.Bd3 Qc6 13.Nh4
g6 14.f4 Bd7 15.Qe1 O-O-O 16.b3 Qb6 17.Bb2 Rhf8 18.Rd1 Nb4 19.Bb1
Nbc6 20.Nf3 Rf7 21.Rd6 Kb8 22.Qh4 Qc7 23.Rd2 Rdf8 24.Rfd1 Bc8
25.Qf2 b6 26.Qe3 Ng8 27.a3 Re8 28.Be4 Bb7 29.Bxc6 Qxc6 30.Rd8+
Bc8 31.R1d6 Qc7 32.Rxe8 Qxd6 33.Rxg8 1-0

[Event "WA Championship"]
[Site "Redmond"]
[Date "2009.02.07"]
[Round "1"]
[White "Cozianu Costin"]
[Black "Schill William"]
[Result "1-0"]
[WhiteElo "2566"]
[BlackElo "2246"]
[Annotator ""]
[Source ""]
[Remark ""]

1.e4 c5 2.Nf3 d6 3.d4 cxd4 4.Nxd4 Nf6 5.Nc3 Nc6 6.Bc4 e6 7.Be3
a6 8.Qe2 Qc7 9.O-O-O Na5 10.Bb3 b5 11.Kb1 Rb8 12.g4 Nc4 13.g5
Nd7 14.f4 Ndb6 15.f5 Bd7 16.fxe6 fxe6 17.Rhf1 Be7 18.Qf3 Kd8
19.Qg3 b4 20.Nce2 e5 21.Nf5 Bf8 22.g6 Bxf5 23.Rxf5 hxg6 24.Bg5+
Kc8 25.Rf2 Nd7 26.Rf7 1-0

[Event "WA Championship"]
[Site "Redmond"]
[Date "2009.02.07"]
[Round "1"]
[White "Collyer Curt"]
[Black "Perez Ignacio"]
[Result "1-0"]
[WhiteElo "2241"]
[BlackElo "2311"]
[Annotator ""]
[Source ""]
[Remark ""]

1.d4 Nf6 2.c4 g6 3.Nc3 Bg7 4.e4 d6 5.f3 O-O 6.Nge2 Nc6 7.Be3
a6 8.Qd2 Re8 9.g3 b5 10.cxb5 axb5 11.Nxb5 Ba6 12.Nec3 e5 13.d5
Nd4 14.Nxd4 exd4 15.Bxd4 Qc8 16.Kf2 Rb8 17.Kg2 Rb4 18.Bf2 Nd7
19.Rc1 Ne5 20.b3 f5 21.Bxa6 Qxa6 22.Rhd1 fxe4 23.Nxe4 Rb7 24.Bd4
Qb5 25.Ba1 Qd7 26.Nf2 Ra7 27.Rc2 Qf5 28.f4 Nd7 29.Bxg7 Kxg7 30.Qd4+
Kg8 31.Rdc1 Rea8 32.Rxc7 Rxc7 33.Rxc7 Rxa2 34.Rc8+ Nf8 35.Rc6 1-0

[Event "WA Championship"]
[Site "Redmond"]
[Date "2009.02.07"]
[Round "1"]
[White "May Andy"]
[Black "Greninger Harley"]
[Result "0-1"]
[WhiteElo "2153"]
[BlackElo "2236"]
[Annotator ""]
[Source ""]
[Remark ""]

1.e4 e6 2.Nc3 d5 3.Nf3 Nf6 4.e5 Nfd7 5.d4 c5 6.dxc5 Bxc5 7.Bd3
Nc6 8.Bf4 a6 9.O-O Be7 10.Qd2 Nc5 11.Rfe1 Nxd3 12.cxd3 b5 13.d4
Bd7 14.Re3 g5 15.Bg3 g4 16.Ne1 Bg5 17.f4 gxf3 18.Nxf3 Bxe3+ 19.Qxe3
Ne7 20.Bf4 Nf5 21.Qd2 h6 22.Kf2 Qe7 23.g4 Nh4 24.Bxh6 Nxf3 25.Kxf3
Qh4 26.Bf4 Qh3+ 27.Bg3 Rg8 28.Qf4 b4 29.Ne2 Rc8 30.Rc1 Rxc1 31.Qxc1
Qxg4+ 32.Kf2 Qf5+ 33.Nf4 Kf8 34.Bh4 Rg4 35.Bg3 Qe4 36.Qd2 a5
37.h3 Rg8 38.Ne2 Bb5 39.Ng1 Qd3 40.Qxd3 Bxd3 41.Bh4 Be4 42.Ne2
Rg2+ 43.Ke3 Rh2 44.Bd8 Rxh3+ 45.Kd2 a4 46.Ba5 b3 47.axb3 axb3
48.Bc3 Kg7 49.Ke1 Rd3 50.Bd2 Rh3 51.Bc3 Bd3 52.Ng1 Rh2 53.Bd2
Bc4 54.Bc1 Rc2 55.Kd1 Kg8 0-1

[Event "WA Championship"]
[Site "Redmond"]
[Date "2009.02.07"]
[Round "1"]
[White "Sinanan Joshua"]
[Black "Rohonyan Katerine"]
[Result "1-0"]
[WhiteElo "2227"]
[BlackElo "2335"]
[Annotator ""]
[Source ""]
[Remark ""]

1.Nf3 c5 2.c4 Nf6 3.Nc3 g6 4.g3 d5 5.cxd5 Nxd5 6.Bg2 Nc6 7.Qb3
Nc7 8.Ng5 e6 9.Bxc6+ bxc6 10.d3 Be7 11.Nf3 O-O 12.O-O Nb5 13.Nxb5
Rb8 14.Nxa7 Rxb3 15.Nxc6 Qc7 16.Nxe7+ Qxe7 17.axb3 Bb7 18.Be3
Ra8 19.Rxa8+ Bxa8 20.Rc1 Bxf3 21.exf3 Qb7 22.Rxc5 Qxf3 23.Bh6
f6 24.Rc7 Qd1+ 25.Kg2 Qh5 26.Bd2 Qd5+ 27.Kg1 Qxb3 28.Bc3 e5 29.Rd7
Kf8 30.Rxh7 Qd1+ 31.Kg2 Qxd3 32.Rc7 Qd6 33.Ra7 Qc5 34.Rh7 Kg8
35.Rh4 g5 36.Rb4 Qd5+ 37.Kg1 Kf7 38.h4 g4 39.Kf1 f5 40.Kg1 f4
41.gxf4 Qd1+ 42.Kg2 Qf3+ 43.Kg1 exf4 44.Rd4 Ke6 45.Be1 Qe2 46.Rxf4
Qxe1+ 47.Kg2 Qd2 48.Kg3 Qxb2 49.Kxg4 Qe2+ 50.Rf3 Ke5 51.Kg3 Qf1
52.Kh2 Ke4 53.Rf8 Qd1 54.Rg8 Kf3 55.Rf8+ Ke2 56.Kg2 Qf1+ 57.Kh2
Qc1 58.Kg2 Qc6+ 59.Kg3 Qd6+ 60.Rf4 Qg6+ 61.Kh3 Kf1 62.Rg4 Qf5
63.Kg3 Qxf2+ 64.Kh3 Qf3+ 65.Rg3 Qf5+ 66.Kh2 Qf4 67.Kh3 Kf2 68.Rg2+
Kf3 69.Rg1 Qe3 70.Rg3+ 1-0

[Event "WA Championship"]
[Site "Redmond"]
[Date "2009.02.07"]
[Round "2"]
[White "Chen Howard"]
[Black "Schill William"]
[Result "1-0"]
[WhiteElo "2039"]
[BlackElo "2246"]
[Annotator ""]
[Source ""]
[Remark ""]

1.e4 c5 2.Nf3 d6 3.Bb5+ Bd7 4.Bxd7+ Qxd7 5.c4 Nc6 6.Nc3 g6 7.d4
cxd4 8.Nxd4 Bg7 9.Nde2 Nf6 10.f3 O-O 11.O-O a6 12.a4 Rfc8 13.Be3
Qd8 14.b3 Qa5 15.Rb1 Nd7 16.Qd2 Qd8 17.Rfe1 Nce5 18.Bg5 Nc5 19.Nd5
f6 20.Be3 e6 21.Ndf4 Qe7 22.Red1 Bf8 23.Nd4 Nc6 24.Nc2 Re8 25.a5
Ne5 26.Na3 Rac8 27.b4 Ncd7 28.Rdc1 Qf7 29.Nd3 Nxd3 30.Qxd3 f5
31.Bd4 Ne5 32.Bxe5 dxe5 33.c5 Rcd8 34.Qe2 Qd7 35.Nc4 Qd4+ 36.Kh1
fxe4 37.fxe4 Bh6 38.Rd1 Qc3 39.Nd6 Rf8 40.Rd3 Rf2 41.Qxf2 Qxd3
42.Qf7+ 1-0

[Event "WA Championship"]
[Site "Redmond"]
[Date "2009.02.07"]
[Round "2"]
[White "Lee Michael"]
[Black "Sinanan Joshua"]
[Result "1/2-1/2"]
[WhiteElo "2374"]
[BlackElo "2227"]
[Annotator ""]
[Source ""]
[Remark ""]

1.c4 e5 2.Nc3 Nf6 3.Nf3 Nc6 4.g3 Bb4 5.Nd5 e4 6.Nh4 O-O 7.Bg2
Re8 8.O-O Bc5 9.d3 exd3 10.Qxd3 Ne5 11.Qc2 Nxd5 12.cxd5 d6 13.Bd2
Bg4 14.Bc3 Qd7 15.b4 Bb6 16.a4 a5 17.b5 Bh3 18.Rfd1 Qg4 19.Be4
g6 20.Bh1 Qc4 21.Ra2 Ng4 22.Be1 Qxc2 23.Rxc2 Re5 24.Nf3 Rf5 25.e4
Rh5 26.Bc3 Re8 27.Re1 f5 28.e5 dxe5 29.Nxe5 f4 30.Nxg4 Rxe1+
31.Bxe1 Bxg4 32.gxf4 Rh3 33.Be4 Ra3 1/2-1/2

[Event "WA Championship"]
[Site "Redmond"]
[Date "2009.02.07"]
[Round "2"]
[White "Rohonyan Katerine"]
[Black "Collyer Curt"]
[Result "1/2-1/2"]
[WhiteElo "2335"]
[BlackElo "2241"]
[Annotator ""]
[Source ""]
[Remark ""]

1.Nf3 Nf6 2.g3 d5 3.Bg2 c6 4.O-O Bg4 5.c4 e6 6.b3 Nbd7 7.Bb2
Bd6 8.d3 O-O 9.Nbd2 Re8 10.a3 a5 11.Qc2 Qb8 12.Rfe1 Bh5 13.e4
dxe4 14.dxe4 e5 15.Bc3 b6 16.Nh4 Nc5 17.Nf5 Bf8 18.b4 Ne6 19.Qb2
Nd7 20.h3 f6 21.Nf1 Bf7 22.Red1 Qc7 23.Rd2 axb4 24.axb4 Rxa1
25.Qxa1 c5 26.Qa4 Nd4 27.b5 g6 28.N5e3 Bh6 29.Ra2 Rb8 30.Nd5
Bxd5 31.exd5 Nf8 32.Qd1 f5 33.Ne3 Nd7 34.d6 Qxd6 35.Ra7 e4 36.Nd5
Bg7 37.g4 Ne5 38.Bxd4 cxd4 39.gxf5 Re8 40.Qb3 Kh8 41.Bxe4 gxf5
42.Bxf5 Qh6 43.Qg3 Nxc4 44.Re7 Rf8 45.Bg4 Qg6 46.Kg2 d3 47.Nf4
Qg5 48.Re4 Nd6 49.Re6 Qxf4 50.Rxd6 Bd4 51.Qxf4 Rxf4 52.Kg3 Be5
53.Rd5 d2 54.Bd1 Bc7 55.Kg2 Rb4 56.Rxd2 1/2-1/2

[Event "WA Championship"]
[Site "Redmond"]
[Date "2009.02.07"]
[Round "2"]
[White "Perez Ignacio"]
[Black "May Andy"]
[Result "1/2-1/2"]
[WhiteElo "2311"]
[BlackElo "2153"]
[Annotator ""]
[Source ""]
[Remark ""]

1.e4 c5 2.Nf3 Nc6 3.d4 cxd4 4.Nxd4 Qc7 5.Nc3 e6 6.Nxc6 dxc6 7.Bd3
e5 8.O-O Nf6 9.a4 Be6 10.a5 Nd7 11.Qe2 Be7 12.Bc4 Nc5 13.Be3
Bxc4 14.Qxc4 Ne6 15.Rfd1 O-O 16.b4 b5 17.axb6 axb6 18.b5 Rac8
19.bxc6 Qxc6 20.Qxc6 Rxc6 21.Nd5 Bc5 22.c3 Re8 23.Bxc5 Rxc5 24.Ra7
Nf4 25.h4 Nxd5 26.Rxd5 Rxd5 27.exd5 Rc8 28.d6 Kf8 29.Rb7 g6 30.Rxb6
Ke8 31.Rb5 f6 32.Rb7 Rd8 33.Rxh7 Rxd6 34.g4 Rc6 35.Rg7 f5 36.gxf5
gxf5 37.Rg5 Rf6 38.Kf1 Ke7 39.Ke2 Ke6 40.c4 Rh6 41.h5 Kf6 42.Rg6+
Rxg6 43.hxg6 Kxg6 44.c5 Kf6 45.Kd3 e4+ 46.Kc4 f4 47.c6 e3 48.fxe3
fxe3 1/2-1/2

[Event "WA Championship"]
[Site "Redmond"]
[Date "2009.02.08"]
[Round "3"]
[White "Collyer Curt"]
[Black "Lee Michael"]
[Result "1/2-1/2"]
[WhiteElo "2241"]
[BlackElo "2374"]
[Annotator ""]
[Source ""]
[Remark ""]

1.d4 Nf6 2.c4 c5 3.d5 b5 4.cxb5 a6 5.f3 axb5 6.e4 Qa5+ 7.Bd2
b4 8.Na3 d6 9.Nc4 Qd8 10.a3 e6 11.dxe6 Bxe6 12.axb4 Rxa1 13.Qxa1
d5 14.exd5 Nxd5 15.Ne5 Bd6 16.Bb5+ Kf8 17.Nd3 c4 18.Nc5 Qh4+
19.Kf1 Bxc5 20.bxc5 Qd4 21.Qc1 Ne7 22.Ne2 Qxc5 23.Ba4 Nd5 24.Nc3
Bf5 25.Nxd5 Bd3+ 26.Ke1 Qxd5 27.Kf2 Qd4+ 28.Be3 Qh4+ 29.g3 Qh5
30.Qc3 f6 31.Bc2 Bxc2 32.Qxc2 Qb5 33.Ra1 Kf7 34.Ra7+ Nd7 35.Qd2
Ke6 36.Bd4 Re8 37.Kg2 Kf7 38.Bxf6 Kxf6 39.Rxd7 Re2+ 40.Qxe2 Qxd7
41.Qc2 Qb5 42.Kf2 Qc5+ 43.Kf1 Qb5 44.Ke1 Qe5+ 45.Kf1 Qb5 46.Qc3+
Kf7 47.Kg2 Qd5 48.Kf2 Qc5+ 49.Qe3 Qb5 50.Qd4 Qb3 51.Qc3 Qb5 52.h4
Qc5+ 53.Qe3 Qb5 54.Qd4 Qb3 55.Qc3 Qb5 56.Ke2 Qd5 57.Kf2 Kf8 58.Qe3
Kf7 59.Ke2 Qb5 60.Qc3 Qd5 61.g4 h6 62.h5 Kg8 63.Qd2 Qb5 64.Ke1
Qc6 65.Qd4 Qb5 66.Kd2 Kh8 67.Kc1 Qc6 68.Qe4 Qc5 69.Kc2 Qb4 70.Qd4
Qb3+ 71.Kc1 Qb4 72.Qe5 Kg8 73.f4 Qa4 74.g5 hxg5 75.fxg5 Qa1+
76.Kc2 Qf1 77.Qe8+ Kh7 78.Qg6+ Kh8 79.h6 Qe2+ 80.Kc3 Qe5+ 81.Kxc4
Qxb2 82.hxg7+ Qxg7 83.Qf5 Qc7+ 84.Kd4 Qd6+ 85.Ke3 Qe7+ 86.Kf4
Kg7 87.Qf6+ 1/2-1/2

[Event "WA Championship"]
[Site "Redmond"]
[Date "2009.02.08"]
[Round "3"]
[White "Sinanan Joshua"]
[Black "Chen Howard"]
[Result "1/2-1/2"]
[WhiteElo "2227"]
[BlackElo "2039"]
[Annotator ""]
[Source ""]
[Remark ""]

1.Nf3 d5 2.d4 Nf6 3.c4 e6 4.Nc3 c6 5.e3 Nbd7 6.Qc2 Bd6 7.b3 O-O
8.Be2 Re8 9.O-O dxc4 10.Bxc4 b5 11.Bd3 Bb7 12.Bb2 Rc8 13.Rad1
Qc7 14.h3 a6 15.Ng5 h6 16.Nge4 Be7 17.Nxf6+ Nxf6 18.Ne4 Nxe4
19.Bxe4 c5 20.Rc1 Qb8 21.Bxb7 Qxb7 22.Qe2 Qe4 23.dxc5 Bxc5 24.Rc2
Rc7 25.Rfc1 Rec8 26.Qd1 Kh7 27.a4 Bb6 28.Rxc7 Rxc7 29.Rxc7 Bxc7
30.Qa1 1/2-1/2

[Event "WA Championship"]
[Site "Redmond"]
[Date "2009.02.08"]
[Round "3"]
[White "May Andy"]
[Black "Rohonyan Katerine"]
[Result "1/2-1/2"]
[WhiteElo "2153"]
[BlackElo "2335"]
[Annotator ""]
[Source ""]
[Remark ""]

1.e4 c5 2.Nc3 Nc6 3.f4 g6 4.Nf3 Bg7 5.g3 d6 6.Bg2 e6 7.d3 Nge7
8.O-O O-O 9.Be3 b6 10.Bf2 Bb7 11.Qd2 Qd7 12.d4 cxd4 13.Nxd4 Na5
14.b3 Rac8 15.Rad1 d5 16.exd5 Nxd5 17.Nxd5 Bxd5 18.Bxd5 Qxd5
19.c4 Qa8 20.Qe2 Nc6 21.Nxc6 Qxc6 22.Bd4 Rfd8 23.Bxg7 Kxg7 24.Rd3
Qc5+ 1/2-1/2

[Event "WA Championship"]
[Site "Redmond"]
[Date "2009.02.08"]
[Round "3"]
[White "Cozianu Costin"]
[Black "Perez Ignacio"]
[Result "1-0"]
[WhiteElo "2566"]
[BlackElo "2311"]
[Annotator ""]
[Source ""]
[Remark ""]

1.e4 c5 2.Nf3 d6 3.d4 cxd4 4.Nxd4 Nf6 5.Nc3 g6 6.Be2 Bg7 7.O-O
O-O 8.Bg5 Nc6 9.Nb3 a5 10.a4 Be6 11.Bb5 Rc8 12.Re1 h6 13.Bh4
Nb4 14.Nd4 Bc4 15.Qd2 e5 16.Bxf6 Qxf6 17.Bxc4 Rxc4 18.Ndb5 Rd8
19.Red1 Qe6 20.Qe2 Rc5 21.Rd2 d5 22.exd5 Nxd5 23.Rad1 Kh7 24.Rxd5
Rcxd5 25.Rxd5 Rxd5 26.Nc7 Qb6 27.N7xd5 Qxb2 28.g3 f5 29.Qc4 Qxc2
30.Ne7 h5 31.Kg2 Qc1 32.Qg8+ Kh6 33.Qf7 Qg5 34.h4 1-0

[Event "WA Championship"]
[Site "Redmond"]
[Date "2009.02.08"]
[Round "3"]
[White "Schill William"]
[Black "Greninger Harley"]
[Result "1/2-1/2"]
[WhiteElo "2246"]
[BlackElo "2236"]
[Annotator ""]
[Source ""]
[Remark ""]

1.e4 c6 2.d4 d5 3.Nc3 dxe4 4.Nxe4 Bf5 5.Ng3 Bg6 6.h4 h6 7.Nf3
Nd7 8.h5 Bh7 9.Bd3 Bxd3 10.Qxd3 e6 11.Bf4 Ngf6 12.O-O-O Be7 13.Ne5
O-O 14.Kb1 c5 15.Ne4 cxd4 16.Qxd4 Nb6 17.c4 Qxd4 18.Rxd4 Rad8
19.Nxf6+ Bxf6 20.Rhd1 Rxd4 21.Rxd4 Rd8 22.Rxd8+ Bxd8 23.b3 f6
24.Nd3 Nd7 25.g4 Bb6 1/2-1/2

[Event "WA Championship"]
[Site "Redmond"]
[Date "2009.02.08"]
[Round "4"]
[White "Lee Michael"]
[Black "May Andy"]
[Result "1-0"]
[WhiteElo "2374"]
[BlackElo "2153"]
[Annotator ""]
[Source ""]
[Remark ""]

1.c4 e5 2.Nc3 Nc6 3.g3 f5 4.Bg2 Nf6 5.e3 Bb4 6.Nge2 d6 7.O-O
O-O 8.d3 Be6 9.Nd5 Bxd5 10.cxd5 Ne7 11.Qb3 Bc5 12.d4 exd4 13.exd4
Bb6 14.h3 Ng6 15.Qd3 Qd7 16.Nc3 f4 17.Kh2 Rae8 18.Ne2 fxg3+ 19.fxg3
c5 20.dxc6 bxc6 21.Nc3 d5 22.Bg5 Nh5 23.Ne2 Bc7 24.Rxf8+ Nxf8
25.Bf3 Rxe2+ 26.Bxe2 Nxg3 27.Kg2 Ne4 28.Be3 Qd6 29.Kf1 Qg3 30.Bg1
Qg5 31.Bf3 Qf4 32.Ke2 Ne6 33.Bxe4 dxe4 34.Qb3 Qd6 35.Rf1 Kh8
36.Qc4 h6 37.Kd2 Bb6 38.Kc3 Qg3+ 39.Kc2 Qd6 40.Re1 Ng5 41.h4
Qg3 42.Re2 Nh3 43.Be3 Qd6 44.Qf7 Qb4 45.Rg2 Bxd4 46.Qe8+ Kh7
47.Qxe4+ 1-0

[Event "WA Championship"]
[Site "Redmond"]
[Date "2009.02.08"]
[Round "4"]
[White "Sinanan Joshua"]
[Black "Collyer Curt"]
[Result "0-1"]
[WhiteElo "2227"]
[BlackElo "2241"]
[Annotator ""]
[Source ""]
[Remark ""]

1.Nf3 Nf6 2.c4 c5 3.Nc3 Nc6 4.d4 cxd4 5.Nxd4 g6 6.g3 Bg7 7.Bg2
O-O 8.O-O Ng4 9.e3 d6 10.b3 Rb8 11.Bb2 Nxd4 12.exd4 Nh6 13.Qd2
a6 14.a4 Qb6 15.Nd5 Qd8 16.a5 Nf5 17.Nb6 e6 18.Rfd1 h5 19.Ra4
Qe7 20.Rb4 Rd8 21.Nxc8 Rdxc8 22.Rb6 Rd8 23.Qb4 d5 24.c5 Qc7 25.Bc1
Bh6 26.Bh3 Bxc1 27.Bxf5 Bg5 28.Bd3 h4 29.Re1 Kg7 30.Qc3 hxg3
31.hxg3 Re8 32.b4 Ra8 33.b5 axb5 34.Bxb5 Re7 35.Bf1 Ra7 36.Reb1
Bf6 37.Bg2 Re8 38.R1b5 Rea8 39.Qb4 Bd8 40.Bf1 Qc8 41.Rxb7 Bxa5
42.Qb3 Rxb7 43.Rxb7 Bc3 44.Rxf7+ Kxf7 45.Qxc3 Qc6 46.Qf3+ Kg7
47.Qf4 Rg8 48.Bd3 Qd7 49.Qe5+ Kf7 50.Kg2 g5 51.Be2 Rg7 52.Bg4
Rg8 53.Bh5+ Ke7 54.g4 Qa7 55.c6 Qb6 56.c7 Qc6 57.Qg3 Qd6 58.Qf3
Qf4 59.Qa3+ Kd7 60.Qa4+ Kxc7 61.Qa7+ Kd6 62.Qc5+ Kd7 63.Qb5+
Ke7 64.Qb7+ Kf8 65.Qb4+ Kg7 66.Qe7+ Kh8 67.Qxe6 Qe4+ 68.Qxe4
dxe4 69.Bf7 Rd8 70.d5 Kg7 71.Be6 Kf6 72.Kf1 Ke5 73.Ke2 Kf4 74.Kd2
Kf3 75.Ke1 Rd6 76.Kf1 Rb6 77.Ke1 Rb1+ 78.Kd2 Kxf2 0-1

[Event "WA Championship"]
[Site "Redmond"]
[Date "2009.02.08"]
[Round "4"]
[White "Rohonyan Katerine"]
[Black "Cozianu Costin"]
[Result "0-1"]
[WhiteElo "2335"]
[BlackElo "2566"]
[Annotator ""]
[Source ""]
[Remark ""]

1.e4 e5 2.Nf3 Nc6 3.Nc3 Nf6 4.g3 Bb4 5.Bg2 d6 6.d3 h6 7.O-O O-O
8.h3 Ne7 9.a3 Bxc3 10.bxc3 Nh7 11.d4 Ng6 12.Be3 Be6 13.Qd3 Qc8
14.Kh2 Nf6 15.Nd2 d5 16.Rab1 c6 17.f4 exf4 18.gxf4 dxe4 19.Nxe4
Nxe4 20.Bxe4 f5 21.Bf3 Bd5 22.Bh5 Kh7 23.Rg1 Rf6 24.Bd2 b5 25.Qg3
Bf7 26.h4 Qd7 27.Bf3 Rg8 28.Rbe1 Ne7 29.Rg2 Rg6 30.Qf2 Rxg2+
31.Qxg2 Bd5 32.h5 Bxf3 33.Qxf3 Nd5 34.Qg2 Qf7 35.Qg6+ Qxg6 36.hxg6+
Kxg6 37.Re6+ Kf7 38.Rxc6 Re8 39.c4 bxc4 40.Kg3 Re2 41.Ba5 Rxc2
42.Rc5 Ke6 43.Rc6+ Kd7 44.Rg6 Rg2+ 0-1

[Event "WA Championship"]
[Site "Redmond"]
[Date "2009.02.08"]
[Round "4"]
[White "Perez Ignacio"]
[Black "Schill William"]
[Result "1/2-1/2"]
[WhiteElo "2311"]
[BlackElo "2246"]
[Annotator ""]
[Source ""]
[Remark ""]

1.e4 c5 2.c3 d5 3.exd5 Qxd5 4.d4 Nf6 5.Nf3 Bg4 6.Be2 e6 7.Be3
cxd4 8.cxd4 Nc6 9.Nc3 Qa5 10.O-O Be7 11.a3 Nd5 12.Qb3 Qb6 13.Qxb6
Nxb6 14.Rfd1 O-O 15.h3 Bh5 16.d5 Nxd5 17.Nxd5 exd5 18.Rxd5 Bxf3
19.Bxf3 Bf6 20.Rb5 Rab8 21.Rd1 a6 22.Rb6 Bd8 23.Rb3 Na5 24.Rc3
Bf6 25.Rc2 b5 26.Rd7 Nc4 27.Bf4 Rbd8 28.Ra7 Nxb2 29.Rxa6 Nd3
30.Bd6 Rfe8 31.Be2 Ne1 32.Rd2 Bc3 33.Ra2 Re6 34.Bc7 Rxa6 35.Bxd8
Ra8 36.Be7 b4 37.Bc4 Rxa3 1/2-1/2

[Event "WA Championship"]
[Site "Redmond"]
[Date "2009.02.08"]
[Round "4"]
[White "Chen Howard"]
[Black "Greninger Harley"]
[Result "1-0"]
[WhiteElo "2039"]
[BlackElo "2236"]
[Annotator ""]
[Source ""]
[Remark ""]

1.e4 e6 2.d4 d5 3.Nd2 c5 4.Ngf3 c4 5.g3 Nf6 6.e5 Nfd7 7.a4 Nc6
8.Bg2 Be7 9.O-O O-O 10.Re1 Bb4 11.c3 Be7 12.h4 Na5 13.h5 h6 14.Ra2
Qb6 15.Qe2 Re8 16.Nf1 Qb3 17.Ra1 Nb6 18.N3d2 Qc2 19.Ne3 Qh7 20.Qf1
Bd7 21.Bf3 Bxa4 22.Rxa4 Nxa4 23.Bd1 Nb6 24.Bc2 g6 25.Qh3 Bf8
26.Ng4 Nd7 27.Nf3 Bg7 28.hxg6 fxg6 29.Nxh6+ Bxh6 30.Bxh6 Nf8
31.Ng5 Qe7 32.Kg2 Nh7 33.Bxg6 Nxg5 34.Bxg5 Qg7 35.Rh1 1-0

[Event "WA Championship"]
[Site "Redmond"]
[Date "2009.02.14"]
[Round "5"]
[White "Cozianu Costin"]
[Black "Lee Michael"]
[Result "1/2-1/2"]
[WhiteElo "2566"]
[BlackElo "2374"]
[Annotator ""]
[Source ""]
[Remark ""]

1.d4 Nf6 2.g3 g6 3.Bg2 d5 4.c4 c6 5.Nf3 Bg7 6.O-O O-O 7.cxd5
cxd5 8.Nc3 Nc6 9.Ne5 Nd7 10.f4 e6 11.Be3 f6 12.Nf3 Nb6 13.b3
Ne7 14.Bf2 Bd7 15.Qd2 Nf5 16.Rfc1 Nd6 17.Ne1 Bc6 18.Nd3 Qe7 19.a4
a5 20.Nc5 Nd7 21.Nxd7 Qxd7 22.Be1 Rfc8 23.Bh3 f5 24.e3 b6 25.Bf1
Bf8 1/2-1/2

[Event "WA Championship"]
[Site "Redmond"]
[Date "2009.02.14"]
[Round "5"]
[White "May Andy"]
[Black "Sinanan Joshua"]
[Result "0-1"]
[WhiteElo "2153"]
[BlackElo "2227"]
[Annotator ""]
[Source ""]
[Remark ""]

1.e4 c5 2.Nc3 e6 3.f4 d5 4.Nf3 dxe4 5.Nxe4 Nc6 6.b3 Nf6 7.Nf2
b6 8.Bb2 Bb7 9.Bb5 a6 10.Bxc6+ Bxc6 11.Qe2 Be7 12.O-O-O O-O 13.Rhg1
b5 14.Ne5 Bb7 15.d3 Nd5 16.Qg4 Ne3 17.Qg3 Nf5 18.Qh3 f6 19.Neg4
Qc7 20.Kb1 Qxf4 21.g3 Qd6 22.Ne4 Qd7 23.Rge1 Rad8 24.Ngf2 e5
25.g4 Nd4 26.Ng3 Rfe8 27.Nfe4 Bf8 28.Nf5 Nxf5 29.gxf5 c4 30.Qg4
Qf7 31.Re3 Rd7 32.Rh3 Red8 33.Qh4 h6 34.Bc1 cxd3 35.cxd3 Rd4
36.Rg1 Bxe4 37.dxe4 Qb7 38.Qxf6 Qxe4+ 39.Ka1 R4d6 0-1

[Event "WA Championship"]
[Site "Redmond"]
[Date "2009.02.14"]
[Round "5"]
[White "Collyer Curt"]
[Black "Chen Howard"]
[Result "1/2-1/2"]
[WhiteElo "2241"]
[BlackElo "2039"]
[Annotator ""]
[Source ""]
[Remark ""]

1.d4 d5 2.c4 e6 3.Nc3 c6 4.e4 dxe4 5.Nxe4 Bb4+ 6.Bd2 Qxd4 7.Bxb4
Qxe4+ 8.Ne2 Na6 9.Bf8 Ne7 10.Bxg7 Nb4 11.Qd6 Nd3+ 12.Kd2 Nf5
13.Qxd3 Qxd3+ 14.Kxd3 Nxg7 15.Ng3 b6 16.c5 Ba6+ 17.Kc3 Bxf1 18.Rhxf1
Rd8 19.b4 Ke7 20.cxb6 axb6 21.a4 c5 22.Rfd1 Rd5 23.Rxd5 exd5
24.a5 cxb4+ 25.Kxb4 bxa5+ 26.Rxa5 Rd8 27.Kc3 d4+ 28.Kd3 Ne6 29.Nf5+
Kf6 30.g3 Rc8 31.Nd6 Rc3+ 32.Kd2 Ng5 33.h4 Nf3+ 34.Ke2 Ng1+ 35.Kd1
Rf3 36.Ne4+ Kg7 37.Ke1 Rb3 38.Ra2 Nf3+ 39.Ke2 Ne5 40.Nd2 Rc3
41.Ra4 Nc6 42.Ne4 Rb3 43.Rc4 d3+ 44.Ke3 Ne5 45.Rc5 f6 46.f4 Ng4+
47.Kd2 Nh2 48.Nc3 Nf1+ 49.Kxd3 Nxg3 50.Kc2 Rb4 51.Nd5 Rd4 52.Rc7+
Kg6 53.Ne7+ Kh5 54.Ng8 Rxf4 55.Rxh7+ Kg4 56.Nxf6+ Rxf6 57.Rg7+
Kxh4 58.Rg8 Rd6 59.Kc3 Ne4+ 60.Kc4 Ng5 61.Kc5 Rd1 62.Kc4 Kg4
63.Rf8 Ne6 64.Rf6 Nf4 65.Rf8 Kf3 66.Rh8 Ng6 67.Re8 Kf4 68.Kc5
Ne5 69.Rh8 Rd7 70.Rh4+ Ng4 71.Kc4 Kf5 72.Rh5+ Ke4 73.Rh4 Rc7+
74.Kb5 Kf5 75.Rh5+ Ke6 76.Rc5 Rb7+ 77.Kc4 Ne5+ 78.Kc3 Kf5 79.Rc8
Ke4 80.Re8 Rc7+ 81.Kd2 Rd7+ 82.Kc3 Rd3+ 83.Kc2 Rh3 84.Rd8 Nc6
85.Rd6 Nb4+ 86.Kd2 Nd5 87.Rd8 Rh2+ 88.Kd1 Nc3+ 89.Kc1 Ke3 90.Re8+
Ne4 91.Rd8 Nc5 92.Re8+ Kd3 93.Rc8 Nb3+ 94.Kb1 Na5 95.Rc7 Nc4
96.Rg7 Rf2 97.Rg3+ Ne3 98.Rh3 Re2 99.Rg3 Kc3 100.Rh3 Kb3 101.Kc1
Rc2+ 102.Kb1 Rb2+ 103.Kc1 Re2 104.Rg3 Kc4 105.Kb1 Nd5 106.Rg4+
Kb3 107.Rg3+ Nc3+ {50-move rule} {%30^030} 1/2-1/2

[Event "WA Championship"]
[Site "Redmond"]
[Date "2009.02.14"]
[Round "5"]
[White "Schill William"]
[Black "Rohonyan Katerine"]
[Result "0-1"]
[WhiteElo "2246"]
[BlackElo "2335"]
[Annotator ""]
[Source ""]
[Remark ""]

1.e4 g6 2.d4 Bg7 3.Nc3 d6 4.f4 Nf6 5.Nf3 O-O 6.Bd3 Na6 7.O-O
c5 8.d5 Bg4 9.Bc4 Nc7 10.h3 Bxf3 11.Qxf3 a6 12.a4 b6 13.Qd3 Qc8
14.Bd2 Rb8 15.Rae1 Nd7 16.b3 Qb7 17.Qg3 b5 18.axb5 axb5 19.Be2
Ra8 20.Nd1 Ra2 21.Ne3 b4 22.Bd3 Nb5 23.Kh1 Nd4 24.Rf2 Rfa8 25.Ref1
Qb8 26.Bc1 Qc7 27.Ng4 Nf6 28.f5 Nxg4 29.hxg4 Ra1 30.g5 Rb1 31.c3
Rxb3 32.cxd4 c4 33.fxg6 fxg6 34.Qg4 Qc8 35.Be2 Qxg4 36.Bxg4 Rb1
37.Be6+ Kh8 38.e5 c3 39.Bf4 Rxf1+ 40.Rxf1 b3 41.exd6 exd6 0-1

[Event "WA Championship"]
[Site "Redmond"]
[Date "2009.02.14"]
[Round "5"]
[White "Greninger Harley"]
[Black "Perez Ignacio"]
[Result "1/2-1/2"]
[WhiteElo "2236"]
[BlackElo "2311"]
[Annotator ""]
[Source ""]
[Remark ""]

1.d4 Nf6 2.Nf3 g6 3.Nc3 Bg7 4.e4 O-O 5.Be3 c5 6.dxc5 Qa5 7.Qd2
Nc6 8.h3 Qb4 9.a3 Qxb2 10.Ra2 Nxe4 11.Rxb2 Bxc3 12.Qxc3 Nxc3
13.Bc4 b5 14.cxb6 axb6 15.Rxb6 Rxa3 16.O-O Ra4 17.Nd2 Rb4 18.Ra1
Rxb6 19.Bxb6 d5 20.Ra3 dxc4 21.Rxc3 Be6 22.Nxc4 Rb8 23.Bc5 Rb1+
24.Kh2 f5 25.Nd2 Rd1 26.Be3 Nb4 27.Nf3 Nd5 28.Rd3 Nxe3 29.Rxe3
Bd5 30.Rxe7 Bxf3 31.gxf3 Rd2 32.Rc7 Rxf2+ 33.Kg3 Rd2 34.h4 h6
35.c4 Rd4 36.c5 h5 37.c6 f4+ 38.Kf2 Rd6 1/2-1/2

[Event "WA Championship"]
[Site "Redmond"]
[Date "2009.02.14"]
[Round "6"]
[White "Lee Michael"]
[Black "Schill William"]
[Result "1-0"]
[WhiteElo "2374"]
[BlackElo "2246"]
[Annotator ""]
[Source ""]
[Remark ""]

1.c4 e5 2.Nc3 Nc6 3.g3 g6 4.Bg2 Bg7 5.e4 d6 6.Nge2 Nh6 7.O-O
O-O 8.d3 f5 9.Rb1 g5 10.exf5 Nxf5 11.Ne4 h6 12.b4 a6 13.a4 Be6
14.b5 axb5 15.axb5 Ncd4 16.Nxd4 Nxd4 17.Bb2 Qd7 18.Bxd4 exd4
19.Qb3 Kh8 20.Ra1 Rxa1 21.Rxa1 b6 22.Nd2 Qf7 23.Rf1 Be5 24.Qd1
d5 25.Qe2 Bg7 26.f4 dxc4 27.fxg5 cxd3 28.Qxd3 Qd7 29.Rxf8+ Bxf8
30.Bc6 Qd6 31.Qg6 Bg4 32.Qe4 Be6 33.Qg6 Bg4 34.Qe4 Be6 35.Qf3
Bg7 36.gxh6 Bxh6 37.Qh5 Bf7 38.Qxf7 Bxd2 39.Bd5 Be3+ 40.Kg2 Qd8
41.Be4 Qg8 42.Qxc7 Qa2+ 43.Qc2 Qxc2+ 44.Bxc2 Kg7 45.h4 Bd2 46.g4
Be1 47.Kh3 Kf6 48.g5+ Ke5 49.Kg4 Bf2 50.h5 Ke6 51.h6 Kf7 52.g6+ 1-0

[Event "WA Championship"]
[Site "Redmond"]
[Date "2009.02.14"]
[Round "6"]
[White "Sinanan Joshua"]
[Black "Cozianu Costin"]
[Result "1/2-1/2"]
[WhiteElo "2227"]
[BlackElo "2227"]
[Annotator ""]
[Source ""]
[Remark ""]

1.Nf3 f5 2.c4 Nf6 3.Nc3 g6 4.g3 Bg7 5.Bg2 O-O 6.O-O d6 7.d4 e6
8.b3 Nc6 9.Bb2 e5 10.dxe5 dxe5 11.Qxd8 Rxd8 12.Rfd1 e4 13.Rxd8+
Nxd8 14.Nd4 Ne6 15.Nxe6 Bxe6 16.Rd1 c6 17.Na4 Re8 18.f3 exf3
19.exf3 Nd7 20.Bxg7 Kxg7 21.f4 Kf7 22.Kf2 1/2-1/2

[Event "WA Championship"]
[Site "Redmond"]
[Date "2009.02.14"]
[Round "6"]
[White "Collyer Curt"]
[Black "May Andy"]
[Result "1-0"]
[WhiteElo "2241"]
[BlackElo "2153"]
[Annotator ""]
[Source ""]
[Remark ""]

1.d4 Nf6 2.c4 g6 3.Nc3 Bg7 4.e4 d6 5.f3 O-O 6.Nge2 e5 7.Be3 c6
8.Qd2 Nbd7 9.O-O-O a6 10.Kb1 b5 11.Nc1 Qc7 12.dxe5 dxe5 13.Qd6
Qb7 14.Nb3 Ne8 15.Qd2 Qc7 16.h4 h5 17.Be2 Kh7 18.Rc1 Qd8 19.g3
Qf6 20.Rhd1 Rg8 21.Na5 Bf8 22.Qc2 Nc7 23.Bg5 Qe6 24.Bf1 Bb4 25.Nb3
bxc4 26.Nd2 Nb6 27.Na4 Bxd2 28.Rxd2 Nxa4 29.Qxa4 c3 30.Rxc3 Nb5
31.Bxb5 cxb5 32.Qc2 Qb6 33.Be3 Qa5 34.Rc5 Be6 {%04d} 35.b3 Rgc8
36.Kb2 Kg7 37.Rd6 Kf8 38.Bd2 Rxc5 39.Qxc5 {%30^002} 1-0